[Event "Wellington Mazur Memorial"]
[Site "Wellington"]
[Date "2013.11.28"]
[Round "6"]
[White "Stracy, Don M"]
[Black "Whittle, Jonathan"]
[Result "1-0"]
[WhiteElo "1851"]
[BlackElo "1736"]
[PlyCount "75"]
[EventDate "2013.10.26"]
[EventType "swiss"]
[EventRounds "8"]
[EventCountry "NZL"]
[SourceTitle "EXT 2018"]
[Source "ChessBase"]
[SourceDate "2017.10.13"]
[SourceVersion "1"]
[SourceVersionDate "2017.10.13"]
[SourceQuality "1"]

1. e4 g6 2. d4 Bg7 3. Nc3 d6 4. Be3 a6 5. Qd2 Nd7 6. Nf3 h6 7. Bd3 e6 8. 0-0 Ne7 9. Rfe1 b6 10. Ne2 g5 11. h3 Ng6 12. Ng3 Nf6 13. c4 g4 14. hxg4 Nxg4 15. Nh5 Rg8 16. Nxg7+ Rxg7 17. Bxh6 Rh7 18. Bg5 f6 19. e5 Rg7 20. exf6 Nxf6 21. d5 e5 22. Nd4 Kf7 23. Nf5 Bxf5 24. Bxf5 Qh8 25. Be6+ Ke7 26. Re3 Qh5 27. Rh3 Qxh3 28. Bxh3 Rh8 29. Re1 Kf7 30. Be6+ Ke7 31. Re3 Nf4 32. Rg3 Rxg5 33. Rxg5 Ne4 34. Rg7+ Kf6 35. Rf7+ Kg6 36. Qc2 Nxe6 37. dxe6 Rh4 38. f3 1-0

[Event "Wellington CC Summer Cup"]
[Site "Wellington"]
[Date "2013.02.07"]
[Round "1"]
[White "Wastney, Scott C"]
[Black "Whittle, Jonathan"]
[Result "1-0"]
[WhiteElo "2381"]
[BlackElo "1649"]
[PlyCount "59"]
[EventDate "2013.02.07"]
[EventType "swiss"]
[EventRounds "8"]
[EventCountry "NZL"]
[SourceTitle "EXT 2018"]
[Source "ChessBase"]
[SourceDate "2017.10.13"]
[SourceVersion "1"]
[SourceVersionDate "2017.10.13"]
[SourceQuality "1"]

1. e4 g6 2. d4 Bg7 3. Nc3 d6 4. f4 e6 5. Nf3 Ne7 6. Be3 Nd7 7. Bd3 b6 8. Qe2 Bb7 9. 0-0-0 a6 10. h4 Nf6 11. f5 Qd7 12. e5 Nxf5 13. exf6 Bxf6 14. Bf2 h5 15. Be4 d5 16. Bxf5 gxf5 17. Bg3 c5 18. Be5 Qe7 19. Bxf6 Qxf6 20. dxc5 bxc5 21. Nxd5 Bxd5 22. Rxd5 Rb8 23. Qe5 Qh6+ 24. Kb1 0-0 25. Rxc5 Rb6 26. Rd1 f6 27. Qc7 Rbb8 28. Qd6 Qe3 29. Rc7 Rf7 30. Rxf7 1-0

[Event "NZL-ch Major op"]
[Site "Wellington"]
[Date "2013.01.05"]
[Round "6"]
[White "Reid, Anton"]
[Black "Whittle, Jonathan"]
[Result "1-0"]
[WhiteElo "1607"]
[BlackElo "1656"]
[PlyCount "97"]
[EventDate "2012.12.31"]
[EventType "swiss"]
[EventRounds "11"]
[EventCountry "NZL"]
[SourceTitle "CBM 152 Extra"]
[Source "ChessBase"]
[SourceDate "2013.02.25"]
[SourceVersion "1"]
[SourceVersionDate "2013.02.25"]
[SourceQuality "1"]

1. e4 g6 2. d4 Bg7 3. Nf3 d6 4. Nc3 a6 5. Bd3 Nd7 6. Be3 b6 7. Qd2 h6 8. 0-0 e6 9. Rfe1 Ne7 10. Rab1 Bb7 11. h3 g5 12. Be2 Ng6 13. Nh2 Nf6 14. Bd3 Nh5 15. g3 e5 16. d5 Nhf4 17. Bf1 Bc8 18. g4 Nh4 19. Ne2 h5 20. Bxf4 gxf4 21. f3 hxg4 22. hxg4 Qg5 23. Bg2 Qh6 24. Nc3 Bd7 25. Rbd1 0-0-0 26. Qe2 Kb7 27. Rd2 f5 28. gxf5 Rdg8 29. Ng4 Qh5 30. Nd1 Bf8 31. Kf1 Bb5 32. c4 Nxg2 33. Qxg2 Bxc4+ 34. Kg1 Be7 35. Ndf2 Bh4 36. b3 Bd3 37. Rxd3 Bg3 38. Kf1 Qf7 39. Ke2 Qd7 40. Rh1 Qb5 41. Rxh8 Rxh8 42. Qf1 Qc5 43. Kd2 Qa3 44. Qb1 Qb4+ 45. Ke2 Qc5 46. Qd1 Rh2 47. Qg1 Rh8 48. Qe1 Rh1 49. Qxh1 1-0

[Event "NZL-ch Major op"]
[Site "Wellington"]
[Date "2012.12.31"]
[Round "1"]
[White "Whittle, Jonathan"]
[Black "Rains, Edward"]
[Result "1-0"]
[WhiteElo "1656"]
[BlackElo "1884"]
[PlyCount "101"]
[EventDate "2012.12.31"]
[EventType "swiss"]
[EventRounds "11"]
[EventCountry "NZL"]
[SourceTitle "CBM 152 Extra"]
[Source "ChessBase"]
[SourceDate "2013.02.25"]
[SourceVersion "1"]
[SourceVersionDate "2013.02.25"]
[SourceQuality "1"]

1. Nf3 Nf6 2. c4 g6 3. b4 Bg7 4. Bb2 0-0 5. g3 d6 6. Bg2 c5 7. bxc5 dxc5 8. 0-0 Qb6 9. Qc2 Nc6 10. Nc3 Bf5 11. d3 Be6 12. Na4 Qa5 13. Bc3 Nb4 14. Qb3 Nd7 15. Bxg7 Kxg7 16. Nc3 Rab8 17. Ne4 h6 18. Qc3+ Kh7 19. Nfd2 f5 20. Nb3 Qb6 21. Ned2 Nf6 22. a3 Nc6 23. Rab1 Nd4 24. Nxd4 cxd4 25. Rxb6 dxc3 26. Rxe6 b5 27. Rxe7+ Kg8 28. Nb1 c2 29. Nc3 bxc4 30. Rc1 cxd3 31. exd3 Rb2 32. Rb7 Rxb7 33. Bxb7 Rb8 34. Bg2 Rb2 35. Kf1 Nd7 36. Ke1 Nc5 37. Bd5+ Kg7 38. Kd2 Nb3+ 39. Bxb3 Rxb3 40. Kxc2 Rxa3 41. Re1 Kf7 42. Re5 Kf6 43. f4 Kf7 44. Kb2 Ra6 45. d4 Rb6+ 46. Rb5 Ra6 47. d5 Ke7 48. Kb3 Kd6 49. Kc4 Ra1 50. Rb1 Ra6 51. Rb7 1-0

[Event "Wellington CC Summer Cup"]
[Site "Wellington"]
[Date "2011.02.08"]
[Round "2"]
[White "Jackson, L Ross"]
[Black "Whittle, Jonathan"]
[Result "1-0"]
[WhiteElo "2013"]
[BlackElo "1635"]
[PlyCount "61"]
[EventDate "2011.02.01"]
[EventType "swiss"]
[EventRounds "8"]
[EventCountry "NZL"]
[SourceTitle "EXT 2018"]
[Source "ChessBase"]
[SourceDate "2017.10.13"]
[SourceVersion "1"]
[SourceVersionDate "2017.10.13"]
[SourceQuality "1"]

1. d4 g6 2. c4 Bg7 3. e4 d6 4. f4 Nd7 5. Nf3 b6 6. Be2 Bb7 7. Nc3 e6 8. 0-0 Ne7 9. Qc2 f5 10. e5 d5 11. Ng5 Nf8 12. c5 h6 13. Nf3 Nh7 14. Rb1 a6 15. cxb6 cxb6 16. Bd2 Kf7 17. Rbc1 Rc8 18. Qb3 Rc6 19. Na4 Nc8 20. Rxc6 Bxc6 21. Bxa6 Bxa4 22. Qxa4 Ne7 23. Rc1 g5 24. fxg5 hxg5 25. Nxg5+ Nxg5 26. Bxg5 Rh5 27. Bxe7 Qxe7 28. Bb5 Bh6 29. Rc8 Be3+ 30. Kf1 Qh4 31. Qa7+ 1-0

[Event "Wellington Mazur Memorial"]
[Site "Wellington"]
[Date "2010.11.16"]
[Round "5"]
[White "Wilson, Dallas JG"]
[Black "Whittle, Jonathan"]
[Result "1-0"]
[WhiteElo "1712"]
[BlackElo "1571"]
[PlyCount "53"]
[EventDate "2010.10.19"]
[EventType "swiss"]
[EventRounds "8"]
[EventCountry "NZL"]
[SourceTitle "EXT 2018"]
[Source "ChessBase"]
[SourceDate "2017.10.13"]
[SourceVersion "1"]
[SourceVersionDate "2017.10.13"]
[SourceQuality "1"]

1. e4 g6 2. Nf3 Bg7 3. Bc4 e6 4. c3 b6 5. d4 Bb7 6. e5 Ne7 7. Bg5 h6 8. Bf4 d6 9. 0-0 Nd7 10. Re1 Bxf3 11. Qxf3 d5 12. Bd3 c5 13. Na3 a6 14. Nc2 c4 15. Bf1 a5 16. Na3 0-0 17. Qh3 g5 18. Bd2 Nf5 19. Nb5 Qe7 20. Nc7 Nh4 21. Nxa8 Rxa8 22. Qg4 Re8 23. g3 f5 24. Qh5 Kh7 25. gxh4 gxh4 26. Bh3 Rg8 27. Kh1 1-0

[Event "Wellington Mazur Memorial"]
[Site "Wellington"]
[Date "2010.10.26"]
[Round "2"]
[White "Kay, Bruce"]
[Black "Whittle, Jonathan"]
[Result "1-0"]
[WhiteElo "1738"]
[BlackElo "1571"]
[PlyCount "71"]
[EventDate "2010.10.19"]
[EventType "swiss"]
[EventRounds "8"]
[EventCountry "NZL"]
[SourceTitle "EXT 2018"]
[Source "ChessBase"]
[SourceDate "2017.10.13"]
[SourceVersion "1"]
[SourceVersionDate "2017.10.13"]
[SourceQuality "1"]

1. d4 e6 2. c4 b6 3. e4 g6 4. Nf3 Bg7 5. Nc3 Ne7 6. Be2 d6 7. 0-0 Nd7 8. Be3 h6 9. Qd2 Bb7 10. Rfd1 a6 11. Rac1 g5 12. h3 Nf6 13. Qc2 Ng6 14. a3 Qe7 15. b4 c5 16. dxc5 dxc5 17. bxc5 bxc5 18. Qa4+ Kf8 19. e5 Ne4 20. Rd7 Nxc3 21. Rxc3 Qe8 22. Rcd3 Bxe5 23. Qd1 Be4 24. Rd8 Bxd3 25. Rxe8+ Rxe8 26. Qxd3 Kg7 27. Nxe5 Nxe5 28. Qc3 f6 29. Bxc5 Rc8 30. Bd4 Nd7 31. Qb4 Kf7 32. Qd6 Rhd8 33. Bh5+ Kg7 34. Qxe6 Kh7 35. Qf7+ Kh8 36. Bg6 1-0

[Event "Wellington Mazur Memorial"]
[Site "Wellington"]
[Date "2010.10.19"]
[Round "1"]
[White "Whittle, Jonathan"]
[Black "Forster, William"]
[Result "0-1"]
[WhiteElo "1571"]
[BlackElo "1984"]
[PlyCount "82"]
[EventDate "2010.10.19"]
[EventType "swiss"]
[EventRounds "8"]
[EventCountry "NZL"]
[SourceTitle "EXT 2018"]
[Source "ChessBase"]
[SourceDate "2017.10.13"]
[SourceVersion "1"]
[SourceVersionDate "2017.10.13"]
[SourceQuality "1"]

1. e4 e6 2. d3 c5 3. Nf3 g6 4. Bg5 Qb6 5. Qc1 Bg7 6. c3 Nc6 7. g3 Nge7 8. Bg2 0-0 9. 0-0 d6 10. Nbd2 Bd7 11. Nc4 Qc7 12. Qf4 f6 13. Qxd6 Qxd6 14. Nxd6 fxg5 15. Nxb7 g4 16. Ng5 Bf6 17. h4 gxh3 18. Nxh3 Rab8 19. Nxc5 Rfd8 20. Rab1 Rb5 21. d4 e5 22. Nxd7 Rxd7 23. d5 Nd8 24. c4 Rc5 25. b3 Nc8 26. f3 Nd6 27. Nf2 N8b7 28. Nd3 Rcc7 29. Rfc1 Nc5 30. Nb4 Bg5 31. Rc2 Be3+ 32. Kf1 Rf7 33. Ke2 Bd4 34. Nc6 g5 35. Nxd4 exd4 36. b4 d3+ 37. Kd2 dxc2 38. Kxc2 Ncxe4 39. c5 Nxc5 40. bxc5 Rxc5+ 41. Kb3 Rb7+ 0-1